Nederland - Gemeenten in Utrecht - Statistieken

Algemene statistieken
  • Deze quiz is 237 keer genomen
  • De gemiddelde score is 14 van 26
Antwoordstatistieken
Antwoord % Correct
Utrecht
97%
Amersfoort
87%
Zeist
79%
Nieuwegein
72%
Houten
67%
Woerden
66%
De Bilt
64%
IJsselstein
57%
Baarn
55%
Veenendaal
55%
Soest
54%
Vianen
52%
Bunnik
51%
Utrechtse Heuvelrug
51%
Leusden
50%
Rhenen
43%
Wijk bij Duurstede
43%
Bunschoten
42%
Montfoort
42%
Woudenberg
42%
Lopik
41%
Oudewater
36%
Stichtse Vecht
32%
Renswoude
30%
Eemnes
28%
De Ronde Venen
25%
Geen overeenkomende quizzen gevonden
Scoreverdeling
Procent van Mensen met Elke Score
Percentiel versus Aantal Correcte Antwoorden
Uw Scoregeschiedenis
U heeft deze quiz nog niet genomen